• 首页
  • 本馆介绍
  • 公告通知
  • 最新文献
  • 馆藏检索
  • 电子资源
  • 读者导购
  • 参考咨询
  • 我的图书馆
  • 登录
  • 详细信息显示
  • 放入我的书架
  • 预约/预借图书
  • 作者相关作品
  • 分类相关作品
  • 丛书相关作品
  • 出版社相关作品

书目信息

  • 表格格式
  • 工作单格式
  • 卡片格式
题名:
河北植被
    
 
作者: ;河北植被编辑委员会 , 河北省农业区划委员会办公室 编著
分册:  
出版信息: 北京   科学出版社  1996
页数: 10,364页
开本: 26cm
丛书名:
单 册:
中图分类: Q948.15
科图分类:
主题词: 植被--河北
电子资源:
ISBN: 7-03-005109-2
000 00734nam0 2200217 45
001 0197017855
005 20061123111557.37
010    @a7-03-005109-2@dCNY69.00
100    @a19970617d1996 kemy0chiy0121 ea
101 0  @achi@eeng
102    @aCN@b110000
105    @af z 000yy
200 10 @a河北植被@Ahe bei zhi bei@f河北植被编辑委员会,河北省农业区划委员会办公室编著
210    @a北京@c科学出版社@d1996
215    @a10,364页@c照片@d26cm@e附图两张
606    @a植被@y河北
690    @aQ948.15@v3
711 02 @a河北植被编辑委员会@Ahe bei zhi bei bian ji wei yuan hui@4编著
711 02 @a河北省农业区划委员会办公室@Ahe bei sheng nong ye qu hua wei yuan hui ban gong shi@4编著
801  0 @aCN@bTSSF@c20061123
905    @a10447@dQ948.15@e60
    
    河北植被/河北植被编辑委员会,河北省农业区划委员会办公室编著.-北京:科学出版社,1996
    10,364页:照片;26cm+附图两张
    
    
    ISBN 7-03-005109-2:CNY69.00
    
●
相关链接 在E读中查询图书 在五车中查询图书 在当当中查询图书 在豆瓣中查询图书


正题名:河北植被     索取号:Q948.15/60         预约/预借

序号 登录号 条形码 馆藏地/架位号 状态 备注
1 0276547   001497972   第二样本阅览室/ [索取号:Q948.15/60] 在馆    
唐山师范学院图书馆 欢迎您!
大连网信软件有限公司© 版权所有